[Event "Kupreichik Memorial Rapid 2019"]
[Site "Minsk"]
[Date "2019.08.15"]
[Round "3.39"]
[White "Lashkevich, Andrei"]
[Black "Laptev, Viktor"]
[Result "1/2-1/2"]
[WhiteElo "1447"]
[BlackElo "1424"]
[Annotator "NA"]
[PlyCount "176"]
[EventDate "2019.08.15"]
[EventType "swiss"]
[EventCountry "BLR"]
[SourceTitle "playchess.com"]
[Source "ChessBase"]
[SourceQuality "1"]
[TimeControl "900+10"]

1. e4 {[%emt 0:00:00]} c5 {[%emt 0:00:00]} 2. Nf3 {[%emt 0:00:00]} Nc6 {[%emt 0:00:00]} 3. d3 {[%emt 0:00:00]} d6 {[%emt 0:00:00]} 4. g3 {[%emt 0:00:00]} g6 {[%emt 0:00:01]} 5. Bg2 {[%emt 0:00:00]} Bg7 {[%emt 0:00:02]} 6. c3 {[%emt 0:00:05]} Nf6 {[%emt 0:00:05]} 7. O-O {[%emt 0:00:02]} O-O {[%emt 0:00:02]} 8. Re1 {[%emt 0:00:02]} Bg4 {[%emt 0:00:19]} 9. h3 {[%emt 0:00:08]} Bd7 {[%emt 0:00:08]} 10. Nbd2 {[%emt 0:00:27]} Qc8 {[%emt 0:00:25]} 11. Kh2 {[%emt 0:00:02]} a6 {[%emt 0:00:01]} 12. Qc2 {[%emt 0:01:25]} Rb8 {[%emt 0:00:03]} 13. Nf1 {[%emt 0:00:13]} b5 {[%emt 0:00:01]} 14. Nh4 {[%emt 0:00:23]} e5 15. f4 {[%emt 0:00:52]} exf4 {[%emt 0:00:19]} 16. Bxf4 {[%emt 0:02:19]} Ne5 {[%emt 0:00:34]} 17. Bxe5 {[%emt 0:00:10]} dxe5 {[%emt 0:00:10]} 18. Nf3 {[%emt 0:00:00]} Re8 {[%emt 0:00:07]} 19. Ne3 Bc6 20. Rad1 {[%emt 0:00:42]} a5 {[%emt 0:00:35]} 21. Qf2 {[%emt 0:00:42]} b4 {[%emt 0:00:44]} 22. c4 {[%emt 0:00:16]} Ba4 {[%emt 0:01:10]} 23. Rd2 Qc7 {[%emt 0:00:01]} 24. Rc1 {[%emt 0:00:58]} Rbd8 25. b3 {[%emt 0:00:09]} Bc6 {[%emt 0:00:13]} 26. Nd5 {[%emt 0:00:08]} Bxd5 {[%emt 0:00:06]} 27. cxd5 {[%emt 0:00:02]} Nd7 {[%emt 0:00:31]} 28. Rdc2 {[%emt 0:00:34]} Qd6 {[%emt 0:00:01]} 29. Rf1 {[%emt 0:00:02]} Rf8 {[%emt 0:00:30]} 30. h4 {[%emt 0:00:01]} f5 {[%emt 0:00:02]} 31. Bh3 {[%emt 0:01:07]} Nf6 {[%emt 0:01:41]} 32. Qe2 {[%emt 0:02:17]} Ng4+ {[%emt 0:00:42]} 33. Bxg4 {[%emt 0:00:49]} fxg4 {[%emt 0:00:02]} 34. Ng5 {[%emt 0:00:14]} Rxf1 {[%emt 0:00:10]} 35. Qxf1 {[%emt 0:00:02]} Rf8 {[%emt 0:00:01]} 36. Qg1 {[%emt 0:00:44]} Rc8 {[%emt 0:00:26]} 37. Ne6 {[%emt 0:00:08]} Bf8 {[%emt 0:00:05]} 38. Qf2 {[%emt 0:00:34]} Qe7 {[%emt 0:00:30]} 39. Qe3 {[%emt 0:00:56]} h6 {[%emt 0:00:32]} 40. Kg2 {[%emt 0:00:15]} Kh7 {[%emt 0:00:01]} 41. Rf2 {[%emt 0:00:13]} Bg7 {[%emt 0:01:43]} 42. Qe2 {[%emt 0:00:32]} h5 {[%emt 0:00:02]} 43. Qf1 {[%emt 0:00:20]} Kg8 {[%emt 0:00:13]} 44. Qc1 {[%emt 0:00:07]} Kh7 {[%emt 0:00:27]} 45. Ng5+ {[%emt 0:00:16]} Kg8 {[%emt 0:00:00]} 46. Rf7 {[%emt 0:00:19]} Qd6 {[%emt 0:00:21]} 47. Qf1 {[%emt 0:00:10]} Rf8 {[%emt 0:00:10]} 48. Rxf8+ {[%emt 0:00:55]} Qxf8 {[%emt 0:00:08]} 49. Qxf8+ {[%emt 0:00:12]} Bxf8 {[%emt 0:00:20]} 50. Kf2 {[%emt 0:00:17]} Bd6 {[%emt 0:00:08]} 51. Ke2 {[%emt 0:00:03]} Kf8 {[%emt 0:00:11]} 52. Kd2 {[%emt 0:00:02]} Ke7 {[%emt 0:00:14]} 53. Kc2 {[%emt 0:00:04]} Kf6 {[%emt 0:00:01]} 54. Kb2 {[%emt 0:00:20]} Bb8 {[%emt 0:00:01]} 55. Kc2 {[%emt 0:00:26]} Bd6 {[%emt 0:00:01]} 56. Kd2 {[%emt 0:00:01]} Bb8 {[%emt 0:00:01]} 57. Ke3 {[%emt 0:00:01]} Bd6 {[%emt 0:00:01]} 58. Nh7+ {[%emt 0:00:02]} Kg7 {[%emt 0:00:00]} 59. Ng5 {[%emt 0:00:03]} Kf6 {[%emt 0:00:01]} 60. Ne6 {[%emt 0:00:00]} Ke7 {[%emt 0:00:04]} 61. Kd2 {[%emt 0:00:26]} Bb8 {[%emt 0:00:03]} 62. Nxc5 {[%emt 0:00:02]} Ba7 {[%emt 0:00:08]} 63. Nb7 {[%emt 0:00:28]} Bf2 {[%emt 0:00:01]} 64. Nxa5 {[%emt 0:00:07]} Bxg3 {[%emt 0:00:02]} 65. Nc6+ {[%emt 0:00:01]} Kd6 {[%emt 0:00:01]} 66. Nxb4 {[%emt 0:00:12]} Bxh4 {[%emt 0:00:03]} 67. Ke2 Bg5 {[%emt 0:00:05]} 68. Nc2 {[%emt 0:00:10]} h4 {[%emt 0:00:02]} 69. Kf2 {[%emt 0:00:11]} Bf4 {[%emt 0:00:05]} 70. Ne3 {[%emt 0:00:35]} g3+ {[%emt 0:00:13]} 71. Kf3 {[%emt 0:00:03]} h3 {[%emt 0:01:09]} 72. Ng4 {[%emt 0:00:42]} h2 {[%emt 0:02:17]} 73. Kg2 {[%emt 0:00:06]} Kc5 {[%emt 0:00:38]} 74. Nf6 {[%emt 0:00:09]} g5 {[%emt 0:00:12]} 75. Ne8 {[%emt 0:00:04]} g4 {[%emt 0:00:21]} 76. Nf6 {[%emt 0:00:05]} Kd4 {[%emt 0:00:06]} 77. Nxg4 {[%emt 0:00:40]} Kxd3 {[%emt 0:00:02]} 78. Nf6 {[%emt 0:00:01]} Bg5 {[%emt 0:00:03]} 79. Nh7 {[%emt 0:00:17]} Bd8 {[%emt 0:00:14]} 80. d6 {[%emt 0:00:26]} Kxe4 {[%emt 0:00:05]} 81. d7 {[%emt 0:00:02]} Kd5 {[%emt 0:00:05]} 82. Nf8 {[%emt 0:00:12]} e4 {[%emt 0:00:11]} 83. Ng6 {[%emt 0:00:13]} Bg5 {[%emt 0:00:32]} 84. a4 {[%emt 0:00:32]} e3 {[%emt 0:00:01]} 85. a5 {[%emt 0:00:08]} e2 {[%emt 0:00:02]} 86. d8=Q+ {[%emt 0:00:02]} Bxd8 {[%emt 0:00:06]} 87. Nf4+ {[%emt 0:00:02]} Ke4 {[%emt 0:00:07]} 88. Nxe2 {[%emt 0:00:02]} Bxa5 {[%emt 0:00:59]} 1/2-1/2

[Event "Kupreichik Memorial Rapid 2019"]
[Site "Minsk"]
[Date "2019.08.15"]
[Round "3.40"]
[White "Novik, Nikita"]
[Black "Arlou, Valery"]
[Result "0-1"]
[WhiteElo "1355"]
[BlackElo "1759"]
[Annotator "NA"]
[PlyCount "98"]
[EventDate "2019.08.15"]
[EventType "swiss"]
[EventCountry "BLR"]
[SourceTitle "playchess.com"]
[Source "ChessBase"]
[SourceQuality "1"]
[TimeControl "900+10"]

1. e4 {[%emt 0:00:00]} g6 {[%emt 0:00:00]} 2. d4 {[%emt 0:00:00]} Bg7 {[%emt 0:00:00]} 3. Nf3 {[%emt 0:00:00]} d6 {[%emt 0:00:00]} 4. Be2 {[%emt 0:00:00]} Nf6 {[%emt 0:00:00]} 5. Nc3 {[%emt 0:00:01]} a6 {[%emt 0:00:07]} 6. a4 {[%emt 0:00:04]} O-O {[%emt 0:00:13]} 7. O-O {[%emt 0:00:05]} Bg4 {[%emt 0:00:38]} 8. h3 {[%emt 0:00:06]} Bxf3 {[%emt 0:00:10]} 9. Bxf3 {[%emt 0:00:02]} Nc6 {[%emt 0:00:10]} 10. Be3 {[%emt 0:00:27]} Nd7 {[%emt 0:00:19]} 11. d5 {[%emt 0:00:48]} Nce5 {[%emt 0:00:11]} 12. Bf4 {[%emt 0:00:18]} Nc4 {[%emt 0:00:23]} 13. Rb1 {[%emt 0:00:18]} Nxb2 {[%emt 0:00:37]} 14. Rxb2 {[%emt 0:00:03]} Bxc3 {[%emt 0:00:03]} 15. Rb3 {[%emt 0:00:49]} Bg7 {[%emt 0:00:10]} 16. Be3 {[%emt 0:01:20]} b6 {[%emt 0:00:25]} 17. h4 {[%emt 0:00:37]} Ne5 {[%emt 0:00:24]} 18. h5 {[%emt 0:00:16]} Qd7 {[%emt 0:01:27]} 19. h6 {[%emt 0:06:01]} Bf6 {[%emt 0:00:07]} 20. Be2 {[%emt 0:03:13]} Qxa4 {[%emt 0:00:30]} 21. f4 {[%emt 0:00:05]} Nd7 {[%emt 0:01:56]} 22. Qd2 {[%emt 0:02:58]} Nb8 {[%emt 0:02:34]} 23. Rb4 {[%emt 0:00:21]} Qe8 {[%emt 0:00:48]} 24. Bd4 {[%emt 0:00:21]} Nd7 {[%emt 0:00:44]} 25. Bg4 {[%emt 0:00:44]} Rd8 {[%emt 0:01:38]} 26. Bxd7 {[%emt 0:00:03]} Rxd7 {[%emt 0:00:27]} 27. e5 {[%emt 0:00:07]} dxe5 {[%emt 0:00:04]} 28. fxe5 {[%emt 0:00:00]} Bh8 {[%emt 0:00:57]} 29. c4 {[%emt 0:00:23]} e6 {[%emt 0:00:23]} 30. d6 {[%emt 0:00:18]} c5 {[%emt 0:00:37]} 31. Rxb6 {[%emt 0:00:06]} cxd4 32. Qxd4 Qd8 {[%emt 0:01:59]} 33. c5 {[%emt 0:00:16]} Qg5 {[%emt 0:00:20]} 34. Re1 {[%emt 0:00:13]} Rfd8 {[%emt 0:00:14]} 35. c6 {[%emt 0:00:01]} Rxd6 {[%emt 0:00:10]} 36. Qxd6 {[%emt 0:00:21]} Rxd6 {[%emt 0:00:06]} 37. exd6 {[%emt 0:00:01]} Bd4+ {[%emt 0:00:03]} 38. Kf1 {[%emt 0:00:07]} Bxb6 {[%emt 0:00:13]} 39. c7 {[%emt 0:00:08]} Qb5+ {[%emt 0:00:09]} 40. Re2 {[%emt 0:00:04]} Qc5 {[%emt 0:00:48]} 41. Rd2 {[%emt 0:00:21]} Bxc7 {[%emt 0:00:23]} 42. dxc7 {[%emt 0:00:21]} Qxc7 {[%emt 0:00:02]} 43. Kf2 {[%emt 0:00:01]} Qf4+ {[%emt 0:00:08]} 44. Kg1 {[%emt 0:00:02]} Qxh6 {[%emt 0:00:02]} 45. Ra2 {[%emt 0:00:02]} Qe3+ {[%emt 0:00:04]} 46. Kh2 {[%emt 0:00:01]} Qe5+ {[%emt 0:00:03]} 47. Kg1 {[%emt 0:00:03]} a5 {[%emt 0:00:02]} 48. Kf2 {[%emt 0:00:03]} Qd4+ {[%emt 0:00:03]} 49. Kf3 {[%emt 0:00:01]} Qd5+ {[%emt 0:00:02]} 0-1

[Event "Kupreichik Memorial Rapid 2019"]
[Site "Minsk"]
[Date "2019.08.16"]
[Round "4.1"]
[White "Balashov, Yuri S"]
[Black "Safarli, Eltaj"]
[Result "0-1"]
[WhiteElo "2474"]
[BlackElo "2593"]
[Annotator "TA"]
[PlyCount "102"]
[EventDate "2019.08.15"]
[EventType "swiss"]
[EventCountry "BLR"]
[SourceTitle "playchess.com"]
[Source "ChessBase"]
[SourceQuality "1"]

{[%evp 21,102,26,16,25,11,13,28,0,0,0,0,-7,0,0,0,0,0,-15,-20,-37,-21,-47,-41,-90,-14,-14,-26,-175,-150,-184,-116,-127,-52,-46,0,-26,-25,-54,-56,-68,0,0,0,0,0,-62,-40,-48,0,0,0,0,0,0,0,0,0,0,0,0,0,-598,-575,-531,-552,-489,-448,-937,-868,-1145,-1143,-29981,-2110,-29985,-29986,-29986,-29953,-2479,0,-29985,-29986,-29985,-29981]} 1. Nf3 Nf6 2. c4 c5 3. Nc3 e6 4. g3 d5 5. cxd5 Nxd5 6. Bg2 Nc6 7. O-O Be7 8. d4 O-O 9. Nxd5 exd5 10. dxc5 Bxc5 11. Bg5 Qd7 12. Rc1 {D41: Queen's Gambit Declined: Semi-Tarrasch with 5 cxd5} (12. Qc2 Bb6 13. Rad1 Qg4 14. Bf4 Bf5 15. Qa4 Be4 16. b4 Qf5 17. Nh4 Qf6 18. Bxe4 dxe4 19. Rd6 Qb2 {½-½ (34) Kuzubov,Y (2688)-Lenic,L (2646) Slovenia 2017}) 12... Bb6 13. a3 h6 14. Bf4 {White has an edge.} Rd8 15. Qd3 $146 ({Predecessor:} 15. b4 Qe7 16. b5 Na5 17. Qd3 Nc4 18. Rc3 Qf6 19. Rb3 Bf5 {0-1 (55) Sirotanovic,O (2270)-Ruban,V (2420) Bela Crkva 1989}) 15... Qe7 16. h4 Bg4 17. Rfe1 Qf6 18. b4 Bf5 19. Qd2 Be4 20. Red1 Re8 21. Re1 Rad8 22. Nh2 Ne5 (22... Nd4 $17 {Threatens to win with ...Nb3.} 23. Qc3 Bxg2 24. Kxg2 Nxe2 25. Qxf6 gxf6) 23. Bxe4 $11 dxe4 24. Qa2 (24. Qc3 $11) 24... e3 25. f3 Ng6 (25... Rd2 $19 26. Qb3 Nc6) 26. Bc7 $17 Bxc7 ({Better is} 26... Rd2 $17 27. Qb3 Bd4) 27. Rxc7 $15 Re7 (27... Ne5 {is more complex.} 28. Nf1 b5 29. Rc5 a6 30. Qc2 Nc4) 28. Rxe7 (28. Rcc1 {feels hotter.} Ree8 29. Kg2 Ne5 30. Nf1 Nc6 31. Red1) 28... Nxe7 29. Nf1 Nf5 30. Qc4 Rd4 (30... h5 $15) 31. Qc8+ Kh7 32. Qc2 g6 {[#]} 33. Rd1 ({White should play} 33. h5 $1 $11 {[%mdl 512]}) 33... Rxd1 34. Qxd1 Qc3 35. h5 Nd4 36. hxg6+ fxg6 37. g4 Kg7 38. Kg2 b5 39. Ng3 Qd2 40. Qa1 {With the idea Kh3.} Kf7 41. Kh3 $2 {[%mdl 8192]} (41. Qf1 $11 {and White has nothing to worry.}) 41... Nxe2 $19 {( -> ...Nf4+)} 42. Ne4 Nf4+ 43. Kg3 {[#]} Qd4 $1 {[%mdl 512]} 44. Qa2+ {[#]} (44. Qxd4 $142 Ne2+ {[%mdl 64] Double Attack} 45. Kg2 Nxd4 46. Nc3) 44... Ne6 $1 45. a4 bxa4 46. Kg2 Ke7 (46... e2 $142 47. Qb1 Qd1 48. Nd6+ Ke7 49. Qe4 Kxd6 50. f4 e1=Q 51. Qxe1 Qxe1 52. Kf3 g5 53. fxg5 hxg5 54. b5 Nf4 55. b6 Qe2+ 56. Kg3 Qg2#) 47. b5 {[#]} e2 $1 48. Qa3+ (48. Qxe2 Nf4+) 48... Kd7 49. Qc1 {[#]} Ke7 (49... a3 $1 $19 50. Qc6+ (50. Qxa3 e1=Q) 50... Ke7 51. Qb7+ Qd7 52. Qxd7+ Kxd7) 50. Qa3+ $1 Kf7 51. Qc1 g5 {Accuracy: White = 43%, Black = 56%.} 0-1

[Event "Kupreichik Memorial Rapid 2019"]
[Site "Minsk"]
[Date "2019.08.16"]
[Round "4.2"]
[White "Zhigalko, Sergei"]
[Black "Pogosian, Manvel"]
[Result "1-0"]
[WhiteElo "2574"]
[BlackElo "2383"]
[Annotator "TA"]
[PlyCount "125"]
[EventDate "2019.08.15"]
[EventType "swiss"]
[EventCountry "BLR"]
[SourceTitle "playchess.com"]
[Source "ChessBase"]
[SourceQuality "1"]

{[%evp 13,125,37,25,21,24,22,14,16,16,16,24,14,12,6,20,0,1,-2,-2,-3,-2,-2,0,0,-10,-10,0,0,0,-10,-4,-25,-21,-16,23,16,17,-6,-1,-9,0,0,38,52,56,0,0,0,204,207,207,202,255,262,283,279,360,392,368,371,530,527,522,522,542,535,527,520,971,971,941,930,867,665,653,653,2281,1923,876,876,861,861,955,610,608,601,595,598,598,572,522,513,436,244,238,0,254,129,118,0,0,0,125,87,203,202,251,46,64,8,6317,6183,29994,29995]} 1. e4 c6 2. d4 d5 3. e5 Bf5 4. Nf3 e6 5. Be2 c5 6. Be3 cxd4 7. Nxd4 Ne7 8. Nd2 {B12: Caro-Kann: Advance Variation} Nbc6 9. N2f3 Bg4 10. O-O {The position is equal.} Bxf3 11. Nxf3 Ng6 12. c4 dxc4 $1 13. Bxc4 {[#]} Be7 $146 ({Predecessor:} 13... Qc7 14. Bb5 {½-½ (37) Motylev,A (2685)-Drozdovskij,Y (2614) Khanty-Mansiysk 2011}) 14. Bb5 (14. Qb3 {keeps more tension.} Qc7 15. Rac1 O-O 16. Bd3 Rfd8 17. Rfe1) 14... Qc7 15. Qc2 (15. Qe2 {is interesting.} Ngxe5 16. Rac1 O-O 17. Nxe5 Qxe5 18. Bxc6 bxc6 19. Rxc6 Rfd8 20. b3) 15... O-O 16. Bxc6 bxc6 {[%cal Bb7c6,Bc6c5][%mdl 32]} 17. Qc3 Rab8 18. Rac1 {[%cal Ba1c1,Bc1c2,Bc2d2,Bd2d7][%mdl 32]} Rfc8 19. Rfd1 c5 20. b3 a5 {[%cal Ba7a5,Ba5a4][%mdl 32]} 21. h3 h6 22. Rc2 Rb4 23. Rdc1 {[%cal Re3c5]} Nf4 24. Bxf4 (24. Bxc5 $2 Rb5 $19) 24... Rxf4 25. Rd1 a4 26. Rcd2 Bf8 27. Rd7 Qb6 28. Qe3 Rb4 {[%cal Ra4b3]} 29. Nd2 ({Better is} 29. a3 $1 $14 Rxb3 30. Qf4 {[%mdl 64] Double Attack}) 29... axb3 30. axb3 Qb5 $2 {[#]} (30... Rd4 $11 {and Black has nothing to worry.} 31. Nc4 Rxd1+ 32. Rxd1 Qc7) 31. Nc4 $1 $18 Rxb3 32. Qf4 Rb1 33. Qxf7+ {[%mdl 64] Double Attack} Kh8 {Strongly threatening ...Rxd1+.} 34. Qxe6 Re8 35. Qf7 ({Weaker is} 35. Qxe8 Rxd1+ 36. Kh2 Qxd7 $15) 35... Rxd1+ 36. Rxd1 Ra8 (36... Qc6 $142 37. f4 Kh7) 37. Rd7 Qb3 38. Kh2 Rb8 39. Qf4 Re8 {[#]} 40. e6 $1 {[%mdl 512]} Be7 {[#]} (40... Qa4 $142 41. f3 Qa6) (40... Rxe6 41. Qxf8+) 41. Qf7 $1 Qb8+ 42. g3 Bf6 {[#]} 43. h4 $1 {[%mdl 512]} Rf8 (43... Bxh4 44. Qxg7#) 44. Qg6 Bd4 45. Rf7 Re8 46. Rf4 Qc8 {[#]} 47. Nd6 $1 Rxe6 48. Nf7+ ({And not} 48. Nxc8 Rxg6 49. Kg2 Kh7 $11) 48... Kg8 49. Nxh6+ $1 Kh8 50. Nf7+ Kg8 51. Qh5 {[%csl Gf7][%cal Rh5h8]} g6 52. Qd5 {Black must now prevent Nd8.} Qc6 53. Qc4 (53. Qb3 $142 Qb6 54. Nh6+ Kh7 55. Rf7+ Bg7 56. Qc3) 53... Qa6 54. Qd5 $40 {[%mdl 128] Qd8+ would kill now. White attacks.} Qc6 55. Qd8+ ({White should play} 55. Qb3 $18 Qb6 56. Nh6+ Kh7 57. Rf7+ Bg7 58. Qc3) 55... Re8 $16 56. Qg5 (56. Nh6+ $16 Kh7 57. Rf7+ Bg7 58. Qd2) 56... Re1 $11 {[%csl Gc6][%cal Re1h1]} 57. Qd8+ ({White should try} 57. f3 $11 Re2+ 58. Kh1) 57... Re8 $1 $16 {[%cal Re8d8]} 58. Qa5 {Qa7! is the strong threat.} Re2 (58... Ra8 $16 59. Qe1 Ra1) 59. Nh6+ $18 Kg7 {[#]} 60. Ng4 $2 (60. Rf7+ $1 $18 Kxh6 61. Qd8) 60... Re7 $14 61. Qd2 (61. Qd8 $14 Rf7 62. Qg5) 61... Ra7 $2 {[%mdl 8192]} (61... Re4 $11) 62. Rxd4 $18 Ra1 63. Rd7+ {Accuracy: White = 58%, Black = 55%.} 1-0

[Event "Kupreichik Memorial Rapid 2019"]
[Site "Minsk"]
[Date "2019.08.16"]
[Round "4.3"]
[White "Barskij, Vladimir"]
[Black "Aleksandrov, Aleksej"]
[Result "0-1"]
[WhiteElo "2389"]
[BlackElo "2571"]
[Annotator "TA"]
[PlyCount "100"]
[EventDate "2019.08.15"]
[EventType "swiss"]
[EventCountry "BLR"]
[SourceTitle "playchess.com"]
[Source "ChessBase"]
[SourceQuality "1"]

{[%evp 24,100,0,0,0,-18,-11,-24,-23,-77,-67,-170,-171,-170,-144,-135,-132,-516,-483,-530,-542,-522,-520,-537,-537,-611,-591,-662,-657,-752,-687,-811,-779,-679,-249,-189,0,0,0,0,0,0,0,0,0,0,0,0,0,0,0,0,0,0,0,0,0,-204,-129,-278,-286,-276,-273,-276,-279,-276,-271,-270,-267,-265,-272,-233,-91,-80,-87,-292,-258,-29998,-29999]} 1. c4 e6 2. Nc3 d5 3. d4 Bb4 4. a3 Bxc3+ 5. bxc3 c5 6. e3 Nf6 7. Bd3 dxc4 8. Bxc4 Qc7 9. Be2 O-O 10. Nf3 b6 11. O-O Bb7 12. a4 Nc6 13. Ba3 Rfd8 {E59: Nimzo-Indian: Rubinstein: Main Line: 7...Nc6 8 a3 Bxc3 9 bxc3 dxc4} 14. Qb1 (14. Rc1 Na5 15. Re1 Rac8 16. Ne5 h6 17. f3 Nc6 18. Nxc6 Bxc6 19. a5 Rb8 20. Ra1 e5 21. axb6 axb6 {0-1 (78) Tatar (2513)-Mapi,R (2464) playchess.com INT 2007}) 14... Na5 15. dxc5 $146 ({Predecessor:} 15. h3 Rac8 16. dxc5 bxc5 17. Rd1 Rxd1+ 18. Qxd1 Rd8 19. Qb1 Ne4 20. Qc2 h6 21. c4 {½-½ (38) Kula,R (2320)-Krzywda,A (2180) Police 2017}) 15... bxc5 {Black has an edge.} 16. Qb5 (16. Qa2 $11) 16... Ne4 $17 17. Rac1 (17. Qb2 $15) 17... Rab8 $19 18. Qb1 Nd2 $36 {[%mdl 2048] Black is on the roll.} 19. Nxd2 Rxd2 20. Rfe1 $2 {[%mdl 8192] [#]} (20. Rc2 $17 {nothing else works.} Rxe2 21. Rxe2 Bxg2 22. Rb2 Rxb2 23. Qxb2 Bxf1 24. Kxf1) 20... Bxg2 $1 {[%mdl 512]} 21. Kxg2 {And now Qe4 would win.} Rxb1 22. Rxb1 h6 23. Rb5 c4 24. Rc5 Qd8 25. Bf3 {[#]} Qh4 $1 26. Rf1 Nb3 27. Rc8+ Kh7 28. Rc7 Ra2 $2 (28... Qg5+ 29. Kh1 Qf5) 29. Be7 g5 $2 (29... f6 $19 30. Bf8 Kg8 31. Rxg7+ Kxf8) 30. Bd6 $1 $11 {[%cal Rd6g3] aiming for Bg3.} g4 ({Don't blunder} 30... Rxa4 $2 31. Bg3 $18) 31. Be4+ Kg7 32. Be5+ Kf8 33. Bd6+ Kg8 (33... Kg7 $5 34. Be5+ $8 Kf8 $11) 34. Rc8+ Kg7 {Strongly threatening ...Qg5.} 35. Be5+ $1 f6 36. Rc7+ Kg8 37. Rc8+ Kf7 38. Rc7+ Ke8 39. Bc6+ Kf8 40. Rc8+ $2 (40. Bd6+ $11 {and White has nothing to worry.} Kg8 41. Bg3 Qh3+ 42. Kg1) 40... Kg7 41. Rc7+ (41. Bg3 $17 {is the only way for White.} Qh3+ 42. Kg1) 41... Kg6 $19 42. Be4+ {[#]} Kh5 $1 43. Bg3 Qh3+ 44. Kg1 {[#]} Qxf1+ $1 {[%mdl 576] Decoy} 45. Kxf1 Nd2+ {[%mdl 64] Double Attack} 46. Kg2 {Threatens to win with Bc6.} Nxe4 47. Rxc4 f5 (47... Ng5 $1 $19 {...e5 is the strong threat.} 48. h3 gxh3+ 49. Kh2 e5 50. Rh4+ Kg6) 48. Rc6 {[#]} Ng5 $1 {White must now prevent ...Ra1.} ({Of course not} 48... Rxa4 49. Rxe6 Ra1 50. Bf4 $11) 49. Bf4 $2 {[#]} (49. Kf1 $17) 49... Nh3 $1 {( -> ...Ra1)} ({Not} 49... Rxa4 50. Bxg5 Kxg5 51. Rxe6 $15) 50. Bg3 $2 (50. Kf1 $19 Rxf2+ 51. Ke1) 50... Ra1 {Accuracy: White = 31%, Black = 74%.} 0-1

[Event "Kupreichik Memorial Rapid 2019"]
[Site "Minsk"]
[Date "2019.08.16"]
[Round "4.4"]
[White "Smirnov, Valerij"]
[Black "Tiviakov, Sergei"]
[Result "0-1"]
[WhiteElo "2261"]
[BlackElo "2611"]
[Annotator "TA"]
[PlyCount "88"]
[EventDate "2019.08.15"]
[EventType "swiss"]
[EventCountry "BLR"]
[SourceTitle "playchess.com"]
[Source "ChessBase"]
[SourceQuality "1"]

{[%evp 20,88,-37,-22,-13,-45,-34,-71,-82,-53,-4,-24,43,54,57,60,27,0,0,0,0,0,0,-80,-88,-101,-26,-190,-197,-197,-72,-75,-79,-82,-94,-92,-97,-91,-86,-96,-42,-56,-50,-84,-50,-93,-92,-116,-78,-186,-92,-131,-122,-252,-252,-349,-268,-358,-258,-464,-464,-441,-439,-1022,-358,-769,-733,-5613,-5609,-5222,-5197]} 1. d4 Nf6 2. c4 e6 3. Nf3 b6 4. Nc3 Bb7 5. Bg5 Bb4 6. Qc2 O-O 7. e3 d6 8. Bd3 h6 9. Bh4 Nbd7 10. O-O-O Bxc3 11. Qxc3 c5 {E13: Queen's Indian/Nimzo-Indian hybrid: 4 Nc3 Bb7 5 Bg5 h6 6 Bh4 Bb4} 12. Kb1 Rc8 13. d5 exd5 {Black is better.} 14. Bf5 Rc7 15. cxd5 {[#]} Qe8 $146 (15... Bxd5 $11 16. Ka1 g5) ({Predecessor:} 15... Bxd5 16. Ka1 Qa8 17. Bg3 Ne8 18. e4 Bxe4 19. Bxe4 Qxe4 {1-0 (41) L'Ami,E (2593)-Goloshchapov,A (2552) Hoogeveen 2006}) 16. e4 $14 Nxe4 17. Qc2 Nef6 18. Rhe1 Qd8 19. g4 {g5 is the strong threat.} Re8 $1 20. g5 hxg5 ({Not} 20... Nxd5 $2 21. gxh6 N5f6 22. Ng5 $18) 21. Bxg5 (21. Nxg5 $11 Bxd5 22. Bh7+ Kf8 23. Bf5) 21... Rxe1 $17 22. Rxe1 {And now Bxd7 would win.} Nf8 (22... Bxd5 $17 23. Qd3 c4) 23. Re4 $2 (23. Qd3 $11 {and White is okay.}) 23... Bxd5 $19 {[%mdl 64] [#] Pin} 24. Rf4 Qe7 (24... N8d7 $19 {Hoping for ...Qe8.} 25. Bh7+ Kf8) 25. Bxf6 $17 Qxf6 26. Bh7+ {[%mdl 64] Discovered Attack} Nxh7 27. Rxf6 Nxf6 28. Ng5 Re7 29. Qf5 Be6 (29... Re1+ $17 30. Kc2 Re8) 30. Nxe6 Rxe6 $15 {[%mdl 4096] Endgame KQ-KRN} 31. a4 g6 32. Qf4 Kg7 33. h4 a5 34. Qg5 {[#]} (34. Qg3 $17) 34... Re5 (34... Re1+ $1 $19 {is more deadly.} 35. Kc2 Re2+ 36. Kc1 Re4) 35. Qd2 d5 36. f4 (36. Qd3 $17 {was called for.}) 36... Rf5 $19 37. Qc3 d4 38. Qb3 Nd5 ({Resist} 38... Rxf4 39. h5 $19) 39. Qb5 $2 (39. Kc1 {is a better defense.}) 39... Rxf4 40. Qd7 Rf5 41. Kc2 (41. Qb5 $142 Nb4 42. Kc1) 41... Nf6 $2 (41... c4 {White must now prevent ...d3+.} 42. Kd2 d3) 42. Qd8 $2 (42. Qc7 Rf2+ 43. Kb3) 42... Rd5 {Black is clearly winning.} 43. Qxb6 d3+ 44. Kd1 Ne4 {Accuracy: White = 33%, Black = 44%.} 0-1

[Event "Kupreichik Memorial Rapid 2019"]
[Site "Minsk"]
[Date "2019.08.16"]
[Round "4.5"]
[White "Sychev, Klementy"]
[Black "Meshkov, Yuri A."]
[Result "1/2-1/2"]
[WhiteElo "2579"]
[BlackElo "2336"]
[Annotator "TA"]
[PlyCount "70"]
[EventDate "2019.08.15"]
[EventType "swiss"]
[EventCountry "BLR"]
[SourceTitle "playchess.com"]
[Source "ChessBase"]
[SourceQuality "1"]

{[%evp 9,70,52,67,22,21,34,35,25,39,31,57,39,81,28,36,35,40,0,0,-17,-11,-72,-66,-63,-66,-100,-60,-57,-7,-66,20,-15,65,45,81,89,77,73,96,0,65,0,87,50,62,62,62,59,68,56,43,40,32,0,0,0,0,0,0,0,0,-69,-68]} 1. e4 g6 2. d4 Bg7 3. Nc3 a6 4. Nf3 (4. f4 b5 5. Nf3 d6 6. Bd3 Nd7 7. e5 c5 8. Be4 Rb8 9. Be3 b4 10. Ne2 Nh6 11. dxc5 Nxc5 12. Bxc5 dxc5 13. Bc6+ Bd7 14. Qd5 Rc8 15. Bxd7+ Qxd7 16. Qxd7+ Kxd7 {1-0 (41) Yu,Y (2760)-Adhiban,B (2655) chess.com INT 2018}) 4... b5 5. Bd3 d6 6. h3 {B06: Modern Defence} Nd7 7. a4 b4 $1 {[%cal Rb4c3]} 8. Ne2 {White is slightly better.} c5 9. c3 Rb8 10. O-O Qc7 11. Bd2 $146 ({Better is} 11. cxb4 $16 cxd4 12. b5 (12. Nexd4 Rxb4 13. Be3 Qb7 $14)) ({Predecessor:} 11. Ng3 c4 12. Be2 bxc3 13. bxc3 a5 {0-1 (52) Koerner,H-Timpel,K (2280) Germany 1999}) 11... c4 12. Bb1 b3 13. Nf4 Ngf6 14. Re1 {[#] Strongly threatening e5.} e5 15. Nd5 (15. Ne2 $1 $11 {remains equal.}) 15... Nxd5 $17 16. exd5 O-O 17. Bg5 Bb7 18. dxe5 Nxe5 19. Be4 (19. Nxe5 $11 Bxe5 20. Be4) 19... Rfe8 (19... f5 $15 20. Nxe5 fxe4) 20. Qd2 f5 ({Black should try} 20... Nd7 $11) 21. Nxe5 $14 Rxe5 22. Bf3 Rbe8 23. Bf4 R5e7 24. Bg5 Re5 25. Bf4 R5e7 26. Re3 Rxe3 27. Bxe3 Be5 28. h4 Qf7 29. Re1 Qd7 30. a5 Qd8 31. h5 Qxa5 32. hxg6 hxg6 33. Bd4 {[#] Threatens to win with Qh6.} Qd8 ({Don't blunder} 33... Bxd5 $2 34. Bxe5 dxe5 35. Bxd5+ Kg7 36. Bxc4 $18) 34. Qh6 Qf6 35. Re3 (35. Bxe5 $11 Rxe5 36. Rxe5 dxe5 37. Qd2) 35... Re7 {Accuracy: White = 36%, Black = 46%.} 1/2-1/2